000 00391nam a2200157Ia 4500
008 230312s9999||||xx |||||||||||||| ||und||
020 _a0-87692-704-5
082 _a658.8
_bKOT-P
100 _aKotler Philips
245 0 _aPrinciples of Marketing
260 _bPrentice Hall
_aNew Delhi
_c1992
300 _a711
546 _aEng.
650 _aManagement
_vMarketing Environment
942 _cBK
999 _c440
_d440